[Event "XXXI Moglianoscacchi B"]
[Site "Mogliano Veneto ITA"]
[Date "2010.05.02"]
[Round "5"]
[White "Marson, Luca"]
[Black "Scian, Nicola"]
[Result "0-1"]
[WhiteElo "1925"]
[BlackElo "1689"]
[PlyCount "90"]
[EventDate "2010.04.30"]

1. e4 e5 2. Nf3 Nc6 3. Bb5 a6 4. Ba4 Nf6 5. O-O Be7 6. Re1 b5 7. Bb3 d6 8. c3
O-O 9. h3 Nb8 10. d4 Nbd7 11. Nbd2 Bb7 12. Bc2 Re8 13. Nf1 Bf8 14. Ng3 g6 15.
a4 Bg7 16. axb5 axb5 17. Rxa8 Qxa8 18. d5 Bf8 19. Nh2 c6 20. dxc6 Bxc6 21. Ng4
Nxg4 22. hxg4 Nc5 23. b4 Ne6 24. Bb3 Qb7 25. Qf3 Ra8 26. Rd1 Be7 27. Bd5 Ra1
28. Be3 Rxd1+ 29. Qxd1 Bxd5 30. exd5 Nc7 31. Nf5 gxf5 32. gxf5 Nxd5 33. Qg4+
Kh8 34. f6 Bxf6 35. Bh6 Nf4 36. f3 Ng6 37. Kh2 Bg7 38. Bg5 h6 39. Be3 Kh7 40.
c4 bxc4 41. Qxc4 d5 42. Qc5 Bf8 43. Qc2 Qxb4 44. Bf2 Qc4 45. Qf5 Qf4+ 0-1

[Event "XXXI Moglianoscacchi B"]
[Site "Mogliano Veneto ITA"]
[Date "2010.05.02"]
[Round "5"]
[White "Mihalcea, Vasile"]
[Black "Cuppone, Fiorinto"]
[Result "0-1"]
[WhiteElo "1751"]
[BlackElo "1619"]
[PlyCount "66"]
[EventDate "2010.04.30"]

1. e4 c5 2. Nf3 a6 3. d4 cxd4 4. Nxd4 e6 5. Nc3 Qc7 6. Bd3 Nf6 7. Qe2 d6 8. f4
Nbd7 9. Bd2 b5 10. g4 Nc5 11. Bxb5+ axb5 12. g5 Nfxe4 13. Ncxb5 Qb7 14. Bb4 Nc3
15. bxc3 Qxh1+ 16. Kd2 Qb7 17. Bxc5 dxc5 18. Nf5 Qc6 19. c4 Bb7 20. Rb1 Rd8+
21. Kc3 Qf3+ 22. Qe3 Qxe3+ 23. Nxe3 Be4 24. a4 Bd6 25. f5 Be5+ 26. Kb3 exf5 27.
Re1 Bf4 28. Nxf5 O-O 29. Rxe4 Bxg5 30. Rg4 Bf6 31. Nbd6 g6 32. Ne4 Bg7 33. Ne7+
Kh8 0-1

[Event "XXXI Moglianoscacchi B"]
[Site "Mogliano Veneto ITA"]
[Date "2010.05.02"]
[Round "5"]
[White "Pavanello, Roberto"]
[Black "Zanirato, Stefano"]
[Result "0-1"]
[WhiteElo "1837"]
[BlackElo "1905"]
[PlyCount "104"]
[EventDate "2010.04.30"]

1. e4 Nc6 2. Nc3 Nf6 3. d4 d5 4. exd5 Nxd5 5. Nf3 a6 6. Nxd5 Qxd5 7. c4 Qe4+ 8.
Qe2 Bf5 9. Qxe4 Bxe4 10. Be3 e6 11. a3 O-O-O 12. O-O-O Be7 13. Nd2 Bg6 14. Nb3
a5 15. Be2 a4 16. Nc5 Bxc5 17. dxc5 Na5 18. b4 axb3 19. Kb2 Bc2 20. Rc1 Nc6 21.
Kc3 e5 22. Rhe1 Nd4 23. Bd1 f6 24. Bxc2 Nxc2 25. Red1 Nxe3 26. fxe3 Rxd1 27.
Rxd1 Rd8 28. Rxd8+ Kxd8 29. c6 bxc6 30. Kxb3 c5 31. Kc3 e4 32. Kd2 c6 33. Ke2
Kc7 34. Kf2 Kb6 35. Kg3 Ka5 36. Kf4 Ka4 37. Kxe4 Kxa3 38. g4 Kb3 39. Kd3 Kb4
40. h4 Kb3 41. e4 h6 42. h5 Kb4 43. e5 fxe5 44. Ke4 Kxc4 45. Kxe5 Kd3 46. Kf5
c4 47. Kg6 c3 48. Kxg7 c2 49. Kxh6 c1=Q+ 50. g5 Qf4 51. Kg6 Ke4 52. h6 Qf5+ 0-1

[Event "XXXI Moglianoscacchi B"]
[Site "Mogliano Veneto ITA"]
[Date "2010.05.02"]
[Round "5"]
[White "Pelyushenko, Vladyslav"]
[Black "Negro, Raffaele"]
[Result "0-1"]
[WhiteElo "1791"]
[BlackElo "1865"]
[PlyCount "72"]
[EventDate "2010.04.30"]

1. d4 g6 2. c4 Bg7 3. Nf3 d6 4. Nc3 Nd7 5. e4 e6 6. Be2 Ne7 7. Be3 b6 8. Qd2 h6
9. O-O Bb7 10. Rad1 Nf6 11. d5 e5 12. h3 g5 13. Ne1 Ng6 14. b4 Nf4 15. c5 O-O
16. Bc4 Bc8 17. Bxf4 exf4 18. f3 Nh5 19. Ne2 Qf6 20. Nd3 Ng3 21. Nxg3 fxg3 22.
Bb3 Ba6 23. cxd6 cxd6 24. a4 Qd4+ 25. Kh1 Bxd3 26. Qxd3 Qxb4 27. Bc2 Be5 28. h4
Kg7 29. h5 Rac8 30. Rb1 Qc5 31. Bd1 Qc7 32. Be2 Qe7 33. f4 gxf4 34. Bg4 Qh4+
35. Bh3 Rc3 36. Qa6 f3 0-1

[Event "XXXI Moglianoscacchi B"]
[Site "Mogliano Veneto ITA"]
[Date "2010.05.02"]
[Round "5"]
[White "Penzo, Amleto"]
[Black "Pompili, Alberto"]
[Result "1-0"]
[WhiteElo "1761"]
[BlackElo "1849"]
[PlyCount "65"]
[EventDate "2010.04.30"]

1. d4 e6 2. Nf3 d5 3. e3 c6 4. Bd3 f5 5. O-O Nf6 6. c4 Bd6 7. b3 O-O 8. Ba3
Bxa3 9. Nxa3 Qe7 10. Nc2 Ne4 11. Ne5 Nd7 12. f4 Ndf6 13. Ne1 Bd7 14. N1f3 Be8
15. Bxe4 fxe4 16. Ng5 h6 17. Nh3 Nd7 18. Nxd7 Bxd7 19. Nf2 Be8 20. Qe1 Bg6 21.
Ng4 Kh7 22. Ne5 Rad8 23. c5 Qf6 24. g4 Qe7 25. Qg3 Qe8 26. Rf2 Kg8 27. Raf1 Bh7
28. g5 hxg5 29. Qxg5 Rf5 30. Qg3 Qe7 31. Rg2 Kh8 32. Qh3 Kg8 33. Kf2 1-0

[Event "XXXI Moglianoscacchi B"]
[Site "Mogliano Veneto ITA"]
[Date "2010.05.02"]
[Round "5"]
[White "Perissotto, Mario"]
[Black "Alfier, Cecilia"]
[Result "1/2-1/2"]
[WhiteElo "1676"]
[BlackElo "1734"]
[PlyCount "109"]
[EventDate "2010.04.30"]

1. e4 c5 2. Nf3 d6 3. d4 cxd4 4. Nxd4 Nf6 5. Nc3 a6 6. Bg5 e6 7. Bc4 Be7 8. a3
O-O 9. O-O b5 10. Bb3 Bb7 11. Re1 Nbd7 12. Bxe6 fxe6 13. Nxe6 Qb6 14. Nxf8 Rxf8
15. Qd2 h6 16. Be3 Qc6 17. f3 Ne5 18. b3 Rc8 19. Bd4 Nfd7 20. Nd5 Bd8 21. Rac1
Nb6 22. Bxb6 Bxb6+ 23. Kh1 Kf7 24. Qf4+ Ke8 25. h3 Bd8 26. Qf5 Qd7 27. Qh5+ Qf7
28. Qxf7+ Kxf7 29. f4 Ng6 30. g3 Ne7 31. c4 Nxd5 32. exd5 bxc4 33. bxc4 g5 34.
Kg2 Bf6 35. Rb1 Ba8 36. fxg5 hxg5 37. Re4 Rxc4 38. Re3 Bxd5+ 39. Kf1 Rc2 40.
Rd1 Bc4+ 41. Kg1 d5 42. Rf3 Be2 43. Rxf6+ Kxf6 44. Rxd5 Rc3 45. Ra5 Bb5 46. Kf2
Kg6 47. h4 gxh4 48. gxh4 Kh5 49. a4 Ra3 50. Ke1 Ra2 51. Kd1 Kxh4 52. Kc1 Bxa4
53. Kb1 Ra3 54. Kb2 Rb3+ 55. Ka2 1/2-1/2

[Event "XXXI Moglianoscacchi B"]
[Site "Mogliano Veneto ITA"]
[Date "2010.05.02"]
[Round "5"]
[White "Pisani, Valerio"]
[Black "Rosina, Graziano"]
[Result "0-1"]
[WhiteElo "1777"]
[BlackElo "1873"]
[PlyCount "108"]
[EventDate "2010.04.30"]

1. e4 e5 2. Nf3 Nf6 3. Nxe5 d6 4. Nf3 Nxe4 5. d3 Nf6 6. Nc3 Bg4 7. Be2 Be7 8.
h3 Bh5 9. Bg5 Nbd7 10. Qd2 h6 11. Bf4 Nb6 12. g4 Bg6 13. O-O-O Nfd5 14. Nxd5
Nxd5 15. Bg3 Qd7 16. Qa5 c6 17. Nd2 Bg5 18. h4 Bf4 19. Bxf4 Nxf4 20. Bf3 O-O
21. h5 Bxd3 22. cxd3 Nxd3+ 23. Kb1 Nxf2 24. g5 Nxd1 25. Rxd1 b6 26. Qc3 Qf5+
27. Ka1 Qxg5 28. Ne4 Qe5 29. Qd2 d5 30. Nf2 f5 31. Rg1 Rf6 32. Nd3 Qd4 33. Re1
Raf8 34. Re7 R6f7 35. Re6 Rf6 36. Re7 Qg1+ 37. Re1 Qg5 38. Qf2 R6f7 39. Rg1 Qe7
40. Nf4 Re8 41. Ng2 Qc5 42. Qf1 Rfe7 43. a3 b5 44. Qb1 Re5 45. Ka2 Qc4+ 46. Ka1
Qd4 47. Rd1 Qf2 48. Rf1 Qg3 49. Ka2 Qg5 50. Qc2 Qf6 51. Qd3 a5 52. Bg4 Qg5 53.
Bf3 b4 54. Rc1 Qxc1 0-1

[Event "XXXI Moglianoscacchi B"]
[Site "Mogliano Veneto ITA"]
[Date "2010.05.02"]
[Round "5"]
[White "Rossi, Gianni"]
[Black "Bortolussi, Francesco"]
[Result "1/2-1/2"]
[WhiteElo "1886"]
[BlackElo "1634"]
[PlyCount "47"]
[EventDate "2010.04.30"]

1. d4 Nf6 2. f3 d5 3. e4 dxe4 4. Nc3 exf3 5. Nxf3 e6 6. Bg5 Be7 7. Bd3 c6 8.
O-O Nbd7 9. Qe1 h6 10. Bd2 Qc7 11. Ne5 Bd6 12. Bf4 Nh5 13. Nxf7 Nxf4 14. Rxf4
Bxf4 15. Qxe6+ Kf8 16. Nxh8 Ne5 17. Ng6+ Nxg6 18. Qxg6 Be3+ 19. Kh1 Bxd4 20.
Ne4 Qe5 21. Nd6 Be6 22. Rf1+ Ke7 23. Nc4 Qg5 24. Qe4 1/2-1/2

[Event "XXXI Moglianoscacchi B"]
[Site "Mogliano Veneto ITA"]
[Date "2010.05.02"]
[Round "5"]
[White "Sorbera, Enrico"]
[Black "Bonan, Yves"]
[Result "0-1"]
[WhiteElo "1780"]
[BlackElo "1859"]
[PlyCount "65"]
[EventDate "2010.04.30"]

1. d4 d5 2. c4 c6 3. e3 Nf6 4. Qc2 g6 5. Nd2 Bg7 6. Bd3 O-O 7. Ngf3 dxc4 8.
Nxc4 Nbd7 9. b4 Nb6 10. O-O Nxc4 11. Qxc4 Nd5 12. Bd2 Nb6 13. Qc2 Bg4 14. Ne5
Bc8 15. Rac1 Nd7 16. Nf3 a6 17. Rfd1 Nb6 18. h3 Be6 19. Ng5 Bd7 20. Ne4 Bf5 21.
Nc5 Bxd3 22. Qxd3 Rb8 23. Nxa6 bxa6 24. Rxc6 Qd5 25. Rc7 Qd6 26. Rdc1 Nd5 27.
R1c6 Nxb4 28. Bxb4 Qxb4 29. Rxa6 Qb1+ 30. Qxb1 Rxb1+ 31. Kh2 Bf6 32. a4 Rfb8
33. Rac6 {...} 0-1

[Event "XXXI Moglianoscacchi B"]
[Site "Mogliano Veneto ITA"]
[Date "2010.05.02"]
[Round "5"]
[White "Sotter-Klundt, Gerlinde"]
[Black "Guarnieri, Matteo"]
[Result "0-1"]
[WhiteElo "1813"]
[BlackElo "1700"]
[PlyCount "56"]
[EventDate "2010.04.30"]

1. d4 Nf6 2. Nf3 d5 3. c4 e6 4. Nc3 Nbd7 5. e3 Be7 6. Qc2 c6 7. Bd3 Qc7 8. b3
e5 9. dxe5 Nxe5 10. Be2 dxc4 11. bxc4 Bc5 12. Nxe5 Qxe5 13. O-O O-O 14. Rb1 Bf5
15. Bd3 Bxd3 16. Qxd3 Rfd8 17. Qc2 Ng4 18. g3 Rd7 19. h3 Nf6 20. Ne2 Rad8 21.
Nd4 Ne4 22. f4 Qh5 23. Qxe4 Qxh3 24. Qg2 Qg4 25. Nf3 f6 26. Bd2 Qf5 27. Kh2
Qh5+ 28. Qh3 Rxd2+ 0-1

[Event "XXXI Moglianoscacchi B"]
[Site "Mogliano Veneto ITA"]
[Date "2010.05.02"]
[Round "5"]
[White "Stefan, Marco"]
[Black "Mumelter, Igor"]
[Result "1/2-1/2"]
[WhiteElo "1862"]
[BlackElo "1856"]
[PlyCount "43"]
[EventDate "2010.04.30"]

1. e4 c6 2. d4 d5 3. Nc3 dxe4 4. Nxe4 Bf5 5. Ng3 Bg6 6. Bc4 e6 7. N1e2 Bd6 8.
O-O Qc7 9. f4 Ne7 10. Bd3 Nd7 11. c4 Rd8 12. Bxg6 hxg6 13. Kh1 Nf5 14. d5 exd5
15. cxd5 Nxg3+ 16. Nxg3 O-O 17. dxc6 Qxc6 18. Be3 Bc5 19. Rc1 Qe6 20. Bxc5 Nxc5
21. Qe2 Qxe2 22. Nxe2 1/2-1/2

[Event "XXXI Moglianoscacchi B"]
[Site "Mogliano Veneto ITA"]
[Date "2010.05.02"]
[Round "5"]
[White "Zamengo, Fulvio"]
[Black "Zamengo, Bruno"]
[Result "1/2-1/2"]
[WhiteElo "1907"]
[BlackElo "1848"]
[PlyCount "84"]
[EventDate "2010.04.30"]

1. e4 e6 2. c4 d5 3. exd5 exd5 4. d4 dxc4 5. Bxc4 Bb4+ 6. Nc3 Ne7 7. Nge2 a6 8.
Qb3 Bxc3+ 9. bxc3 O-O 10. O-O Nbc6 11. Qd1 Ng6 12. Ng3 Nce7 13. Qf3 Rb8 14. Ba3
b5 15. Bd3 Bb7 16. Be4 Bxe4 17. Nxe4 h6 18. Qg3 Re8 19. Rae1 Nf5 20. Qg4 Nd6
21. Nxd6 Rxe1 22. Rxe1 cxd6 23. Qg3 d5 24. Qd6 Qc8 25. Bb4 Qb7 26. f4 a5 27.
Bxa5 Ra8 28. Bb4 Rxa2 29. f5 Nh4 30. Qf4 g5 31. fxg6 Nxg6 32. Qxh6 Qa8 33. h3
Ra1 34. Rxa1 Qxa1+ 35. Kh2 Qf1 36. Qg5 Qf2 37. Qg3 Qe2 38. Qd6 Qe4 39. Qb8+ Kg7
40. Qxb5 Qf4+ 41. Kg1 Qe3+ 42. Kf1 Nf4 1/2-1/2

[Event "XXXII C.to Italiano Seniores"]
[Site "Arvier ITA"]
[Date "2010.04.18"]
[Round "1"]
[White "Antonelli, Fabrizio"]
[Black "Battaglia, Emanuele"]
[Result "1-0"]
[WhiteElo "2030"]
[BlackElo "1675"]
[PlyCount "91"]
[EventDate "2010.04.18"]

1. e4 c5 2. Nf3 d6 3. d4 cxd4 4. Nxd4 Nf6 5. Nc3 e6 6. Be2 Be7 7. Be3 a6 8. a4
Qc7 9. O-O O-O 10. Kh1 Nc6 11. f4 Bd7 12. Nb3 Na5 13. Nxa5 Qxa5 14. Qd2 Rfc8
15. Bf3 Bc6 16. Nd5 Qd8 17. Nb6 Bxe4 18. Bxe4 Nxe4 19. Qd3 Nc5 20. Bxc5 Rxc5
21. Nxa8 Qxa8 22. c3 Qc8 23. Rad1 d5 24. Rf3 Rc4 25. f5 Rxa4 26. fxe6 fxe6 27.
Rdf1 Bf6 28. Rh3 Rh4 29. Rxh4 Bxh4 30. Qh3 Bf6 31. Re1 Kf7 32. Qxh7 Qc6 33.
Qh5+ Ke7 34. Qf3 e5 35. Rd1 Kd6 36. Qd3 b5 37. h3 Qc5 38. Ra1 Qc6 39. Rd1 Qc5
40. Kh2 e4 41. Qxe4 Be5+ 42. Kh1 Ke6 43. Qg4+ Kd6 44. Qf3 Ke6 45. Re1 Kd6 46.
Qf8+ 1-0

[Event "XXXII C.to Italiano Seniores"]
[Site "Arvier ITA"]
[Date "2010.04.18"]
[Round "1"]
[White "Barlocco, Carlo"]
[Black "De Polzer, Manfredi"]
[Result "1-0"]
[WhiteElo "2173"]
[BlackElo "1795"]
[PlyCount "87"]
[EventDate "2010.04.18"]

1. Nf3 c5 2. c4 d6 3. g3 Bd7 4. Bg2 Bc6 5. O-O Nf6 6. Nc3 Nbd7 7. a3 a5 8. e3
Ne5 9. Nxe5 Bxg2 10. Nxf7 Kxf7 11. Kxg2 Qd7 12. e4 Qc6 13. d3 e6 14. Rb1 a4 15.
Bd2 h5 16. Bg5 Be7 17. f4 Ng8 18. Qf3 Ke8 19. Rbe1 Kd7 20. h4 Rf8 21. e5 dxe5
22. Qxc6+ bxc6 23. Rxe5 Bd6 24. Re2 Rb8 25. Nxa4 Nf6 26. Nc3 Rhe8 27. Ne4 Be7
28. f5 exf5 29. Rxf5 Nxe4 30. dxe4 g6 31. Rf7 Ke6 32. Rg7 Bxg5 33. Rxg6+ Ke5
34. Rxg5+ Kd4 35. Rxh5 Kxc4 36. Rc2+ Kd4 37. Rhxc5 Rxe4 38. Rxc6 Kd5 39. R2c5+
Kd4 40. b4 Re2+ 41. Kh3 Rg8 42. Rd6+ Ke3 43. Re6+ Kf2 44. Rxe2+ 1-0

[Event "XXXII C.to Italiano Seniores"]
[Site "Arvier ITA"]
[Date "2010.04.18"]
[Round "1"]
[White "Bisignano, Giuseppe"]
[Black "Centofante, Maria Rosa"]
[Result "1-0"]
[WhiteElo "1942"]
[BlackElo "1585"]
[PlyCount "99"]
[EventDate "2010.04.18"]

1. e4 d5 2. exd5 Qxd5 3. Nc3 Qa5 4. d4 Nf6 5. h3 c6 6. Nf3 Bf5 7. Bd3 Bxd3 8.
Qxd3 e6 9. O-O Bd6 10. Re1 O-O 11. Bg5 Nbd7 12. Bxf6 Nxf6 13. Ne5 Rad8 14. Qf3
Qc7 15. Na4 Rfe8 16. c4 Bb4 17. Red1 Bd6 18. Qe3 b6 19. Rac1 Bxe5 20. dxe5 Nd7
21. f4 c5 22. Nc3 a6 23. Ne4 Nb8 24. Qg3 Kh8 25. Nd6 Rg8 26. Qg5 Nc6 27. Rd2
Nd4 28. Re1 Rdf8 29. b4 f6 30. Qg3 g5 31. fxg5 Rxg5 32. Qf4 Qg7 33. Rf2 Rg6 34.
bxc5 bxc5 35. Rb1 Kg8 36. Rb7 Qh6 37. Qxh6 Rxh6 38. exf6 Rhxf6 39. Rxf6 Rxf6
40. Rb8+ Kg7 41. Ne8+ Kg6 42. Nxf6 Kxf6 43. Rc8 Ke5 44. Rxc5+ Ke4 45. Kf2 e5
46. Rd5 h5 47. Rd6 Kd3 48. c5 e4 49. Rxd4+ Kxd4 50. c6 1-0

[Event "XXXII C.to Italiano Seniores"]
[Site "Arvier ITA"]
[Date "2010.04.18"]
[Round "1"]
[White "Bogatto, Mario"]
[Black "Acunzo, Domenico"]
[Result "0-1"]
[WhiteElo "1451"]
[BlackElo "1804"]
[PlyCount "69"]
[EventDate "2010.04.18"]

1. c4 e5 2. Nc3 f5 3. d3 Nf6 4. Bg5 c6 5. Nf3 d6 6. e4 f4 7. d4 h6 8. Bxf6 Qxf6
9. h3 Nd7 10. d5 Be7 11. Be2 Nf8 12. Qb3 Nd7 13. Nh2 Nc5 14. Qc2 Bd7 15. O-O-O
Rb8 16. Bf3 b5 17. cxb5 cxb5 18. b4 Na4 19. Rd3 O-O 20. Qb3 Rfc8 21. Kb1 Bd8
22. Ng4 Qf8 23. Nxa4 bxa4 24. Qb2 a5 25. Ka1 Rxb4 26. Qd2 Bb6 27. Rb1 Rxb1+ 28.
Kxb1 Bb5 29. Rc3 Bc5 30. a3 Rc7 31. Be2 Bxe2 32. Qxe2 Qb8+ 33. Ka2 Rb7 34. Rc2
Rb3 35. Rb2 0-1

[Event "XXXII C.to Italiano Seniores"]
[Site "Arvier ITA"]
[Date "2010.04.18"]
[Round "1"]
[White "Bonino, Silvano"]
[Black "Cavatorta, Fosco"]
[Result "0-1"]
[WhiteElo "1428"]
[BlackElo "1981"]
[PlyCount "84"]
[EventDate "2010.04.18"]

1. d4 d6 2. Bf4 g6 3. Nf3 Bg7 4. e3 Nd7 5. Be2 e5 6. dxe5 dxe5 7. Nxe5 Bxe5 8.
Bxe5 Nxe5 9. Qxd8+ Kxd8 10. Nc3 c6 11. O-O-O+ Kc7 12. f4 Ng4 13. Bxg4 Bxg4 14.
Rd4 Ne7 15. e4 Rad8 16. Rxd8 Rxd8 17. h3 Be6 18. Re1 h5 19. b3 Rd4 20. h4 Bg4
21. g3 b6 22. a4 Bf3 23. Re3 Bg4 24. Rd3 Rxd3 25. cxd3 f5 26. e5 a5 27. Kd2 Bf3
28. Ke3 Bd5 29. Nxd5+ Nxd5+ 30. Kd4 Kd7 31. Kc4 Ke6 32. d4 Ne3+ 33. Kc3 Nf1 34.
b4 Nxg3 35. bxa5 bxa5 36. Kc4 Ne4 37. Kd3 Kd5 38. Ke3 Nc3 39. Kd2 Nxa4 40. Kc2
Nb6 41. Kb3 Ke6 42. Ka3 Nd5 0-1

[Event "XXXII C.to Italiano Seniores"]
[Site "Arvier ITA"]
[Date "2010.04.18"]
[Round "1"]
[White "Brugnolo, Paolo"]
[Black "Diena, Giovanni"]
[Result "0-1"]
[WhiteElo "1501"]
[BlackElo "1837"]
[PlyCount "120"]
[EventDate "2010.04.18"]

1. e4 e5 2. Nf3 Nc6 3. Nc3 Nf6 4. Be2 Be7 5. d4 Nxd4 6. Nxd4 exd4 7. Qxd4 d6 8.
O-O O-O 9. Bf4 Bd7 10. Bg3 Re8 11. e5 dxe5 12. Qxe5 Bd6 13. Qg5 Bxg3 14. Qxg3
c6 15. Rfe1 Qb6 16. Rab1 Rad8 17. h4 Qa5 18. Qh2 Bf5 19. Rbc1 h6 20. Qg3 Bg6
21. Bd3 Bxd3 22. Rxe8+ Rxe8 23. Qxd3 Qb4 24. g3 Qg4 25. Qf1 Nh5 26. Qg2 Qb4 27.
Qf3 Nf6 28. Rb1 Re6 29. Qd3 Qe7 30. Qc4 b5 31. Qf4 b4 32. Qb8+ Kh7 33. Na4 Re1+
34. Rxe1 Qxe1+ 35. Kg2 Qe4+ 36. Kg1 Qd4 37. c3 Qd1+ 38. Kg2 Qxa4 39. Qxb4 Qxb4
40. cxb4 Kg6 41. Kf3 Kf5 42. a3 Ke5 43. Ke3 Kd5 44. Kd3 Ne4 45. Ke3 a6 46. a4
Nd6 47. b3 Ne4 48. g4 Nc3 49. Kd3 Na2 50. b5 cxb5 51. axb5 axb5 52. Kc2 b4 53.
Kd3 Ke5 54. Ke3 Nc1 55. f4+ Kd5 56. g5 Nxb3 57. gxh6 gxh6 58. Kf3 Nd4+ 59. Kg4
Ke4 60. Kh5 Nf5 0-1

[Event "XXXII C.to Italiano Seniores"]
[Site "Arvier ITA"]
[Date "2010.04.18"]
[Round "1"]
[White "Cesati Cassin, Giorgio"]
[Black "Neri, Angelo"]
[Result "0-1"]
[WhiteElo "1567"]
[BlackElo "1930"]
[PlyCount "68"]
[EventDate "2010.04.18"]

1. e4 e6 2. d4 d5 3. e5 c5 4. c3 Nc6 5. Nf3 Qb6 6. Be2 cxd4 7. cxd4 Nh6 8. Nc3
Nf5 9. Na4 Qa5+ 10. Bd2 Bb4 11. Bc3 b5 12. a3 Bxc3+ 13. Nxc3 a6 14. O-O Qb6 15.
Bd3 Nfxd4 16. Nxd4 Qxd4 17. Qf3 h6 18. Qe3 Qxe3 19. fxe3 Nxe5 20. Bc2 Bd7 21.
h3 Nc4 22. Nd1 Rc8 23. Bb3 Nd2 24. Ba2 Nxf1 25. Kxf1 Ke7 26. Nc3 Rc7 27. Ke2
Rhc8 28. Rc1 Kf8 29. Bb1 g6 30. g4 a5 31. Kf3 b4 32. axb4 axb4 33. Ne2 Rxc1 34.
Nxc1 Rxc1 0-1

[Event "XXXII C.to Italiano Seniores"]
[Site "Arvier ITA"]
[Date "2010.04.18"]
[Round "1"]
[White "Chiandussi, Livio"]
[Black "Rossi, Giampiero"]
[Result "0-1"]
[WhiteElo "1551"]
[BlackElo "1914"]
[PlyCount "42"]
[EventDate "2010.04.18"]

1. d4 d5 2. c4 e6 3. Nc3 c6 4. Nf3 Nf6 5. Bg5 Nbd7 6. e4 dxe4 7. Nxe4 Be7 8.
Bd3 Nxe4 9. Bxe7 Nxf2 10. Bxd8 Nxd1 11. Rxd1 Kxd8 12. Ng5 Ke7 13. O-O Nf6 14.
Rde1 h6 15. Ne4 Rd8 16. d5 cxd5 17. Nxf6 gxf6 18. b3 dxc4 19. Bxc4 Bd7 20. Re3
Bc6 21. Re2 b5 0-1

[Event "XXXII C.to Italiano Seniores"]
[Site "Arvier ITA"]
[Date "2010.04.18"]
[Round "1"]
[White "Chiapponi, Paola"]
[Black "Battaggia, Piergiorgio"]
[Result "1/2-1/2"]
[WhiteElo "1735"]
[BlackElo "2059"]
[PlyCount "42"]
[EventDate "2010.04.18"]

1. d4 Nf6 2. c4 e6 3. Nf3 d5 4. e3 Be7 5. a3 O-O 6. Nc3 b6 7. b4 Bb7 8. c5 a5
9. Bd2 axb4 10. axb4 bxc5 11. bxc5 Nc6 12. Bb5 Ne4 13. O-O f6 14. Qb1 Rxa1 15.
Qxa1 Qa8 16. Ne2 Qxa1 17. Rxa1 e5 18. Be1 exd4 19. exd4 g5 20. Nc3 Nxc3 21.
Bxc3 Ra8 1/2-1/2

[Event "XXXII C.to Italiano Seniores"]
[Site "Arvier ITA"]
[Date "2010.04.18"]
[Round "1"]
[White "Gardi, Giuseppe"]
[Black "Catalano, Luigi"]
[Result "1-0"]
[WhiteElo "2024"]
[BlackElo "1659"]
[PlyCount "121"]
[EventDate "2010.04.18"]

1. d4 e6 2. Nf3 g6 3. e4 d6 4. Nc3 a6 5. Be3 b6 6. Qd2 Bb7 7. Bd3 Bg7 8. Bg5
Qc8 9. O-O h6 10. Be3 Ne7 11. Ne2 Nd7 12. Ng3 Kf8 13. c4 Kg8 14. h3 c5 15. d5
e5 16. Nh2 g5 17. Nh5 Ng6 18. Be2 Nf6 19. Nxf6+ Bxf6 20. Bg4 Qd8 21. Bf5 Nf4
22. g3 Ng6 23. a4 a5 24. Ra3 Kg7 25. Ng4 Be7 26. f4 gxf4 27. gxf4 h5 28. Nh2
Nh4 29. fxe5 dxe5 30. Kh1 Bc8 31. Rg1+ Kf8 32. Bxc8 Rxc8 33. Bh6+ Ke8 34. Rag3
Ng6 35. Nf3 Bf8 36. Bg5 Qd6 37. Nh4 Nxh4 38. Bxh4 Rc7 39. Qf2 Rh6 40. Qf5 f6
41. Rg6 Qd7 42. Rxf6 Rxf6 43. Qxd7+ Rxd7 44. Bxf6 Bd6 45. Rg5 Rh7 46. Bxe5 Be7
47. Rf5 Kd7 48. Bc3 Bh4 49. e5 Ke7 50. e6 Bg3 51. Bf6+ Ke8 52. h4 Bd6 53. Kg2
Rh6 54. Kf3 Rh7 55. Ke4 Rh6 56. Bg5 Rg6 57. Rf7 b5 58. Rd7 Rxg5 59. hxg5 Be7
60. g6 Bf6 61. g7 1-0

[Event "XXXII C.to Italiano Seniores"]
[Site "Arvier ITA"]
[Date "2010.04.18"]
[Round "1"]
[White "Giani, Franco"]
[Black "Maestri, Roberto"]
[Result "1-0"]
[WhiteElo "1985"]
[BlackElo "1630"]
[PlyCount "78"]
[EventDate "2010.04.18"]

1. e4 d6 2. Bc4 Nf6 3. d3 Nc6 4. a3 e5 5. Nc3 Be7 6. Nf3 Bg4 7. h3 Bxf3 8. Qxf3
Nd4 9. Qd1 O-O 10. O-O a6 11. Ne2 b5 12. Ba2 c5 13. Nxd4 cxd4 14. f4 h6 15. f5
Nh7 16. Qg4 Bg5 17. Bxg5 Qxg5 18. Qxg5 Nxg5 19. Rf2 Nh7 20. g4 Nf6 21. Kh2 Rfd8
22. Rg1 d5 23. g5 hxg5 24. Rxg5 dxe4 25. Rfg2 exd3 26. cxd3 Nd5 27. Rxg7+ Kh8
28. R7g4 Nf6 29. Rh4+ Nh7 30. Bxf7 Ra7 31. Bg6 Rg8 32. f6 Rxg6 33. Rxg6 Rf7 34.
Rh5 e4 35. dxe4 d3 36. Rd5 Rxf6 37. Rxf6 Nxf6 38. Rd8+ Kg7 39. e5 Ne4 1-0

[Event "XXXII C.to Italiano Seniores"]
[Site "Arvier ITA"]
[Date "2010.04.18"]
[Round "1"]
[White "Laco, Giuseppe"]
[Black "Tibaldeschi, Attilio"]
[Result "1-0"]
[WhiteElo "2105"]
[BlackElo "1750"]
[PlyCount "87"]
[EventDate "2010.04.18"]

1. c4 Nf6 2. Nc3 e6 3. e4 d6 4. d4 Be7 5. f3 Nbd7 6. Be3 b6 7. Qd2 Bb7 8. Be2
c5 9. d5 e5 10. Nh3 h6 11. O-O-O a6 12. Kb1 Bc8 13. Nf2 Nh7 14. g3 O-O 15. h4
b5 16. cxb5 axb5 17. Bxb5 Ba6 18. Bxd7 Qxd7 19. g4 f6 20. Rdg1 Rf7 21. Rg3 Qd8
22. g5 fxg5 23. hxg5 Bxg5 24. Ng4 Bxe3 25. Nxe3 Kf8 26. Nf5 Ng5 27. Rxg5 Bd3+
28. Ka1 Rfa7 29. Qxd3 Qxg5 30. Nxd6 Qg2 31. Rb1 h5 32. Nc4 h4 33. Ne3 Qg5 34.
Ng4 Qd8 35. Qc4 Qd6 36. f4 exf4 37. e5 Qc7 38. Qxf4+ Kg8 39. Qc4 Kh8 40. d6 Qc6
41. Ne3 h3 42. Ned5 g5 43. Ne7 Qf3 44. Qe6 1-0

[Event "XXXII C.to Italiano Seniores"]
[Site "Arvier ITA"]
[Date "2010.04.18"]
[Round "1"]
[White "Papa, Angelo"]
[Black "Levato, Biagio"]
[Result "1-0"]
[WhiteElo "1855"]
[BlackElo "1539"]
[PlyCount "49"]
[EventDate "2010.04.18"]

1. d4 Nf6 2. Nf3 g6 3. Nc3 Bg7 4. e4 d6 5. Be3 O-O 6. Qd2 e5 7. O-O-O exd4 8.
Nxd4 Nbd7 9. Bh6 Nc5 10. f3 Ne6 11. Bxg7 Kxg7 12. h4 h5 13. Bc4 a6 14. g4 hxg4
15. fxg4 b5 16. Bd5 Nxd5 17. Nc6 Qe8 18. exd5 Bb7 19. h5 Bxc6 20. hxg6 fxg6 21.
Qh6+ Kf7 22. dxe6+ Ke7 23. Qg5+ Rf6 24. Rh7+ Kd8 25. Qxf6+ 1-0

[Event "XXXII C.to Italiano Seniores"]
[Site "Arvier ITA"]
[Date "2010.04.18"]
[Round "1"]
[White "Pettarini, Renato"]
[Black "Colombo, Paolo"]
[Result "0-1"]
[WhiteElo "1775"]
[BlackElo "2119"]
[PlyCount "42"]
[EventDate "2010.04.18"]

1. c4 Nf6 2. Nc3 c6 3. e4 d6 4. d4 Qa5 5. Bd2 e5 6. Nd5 Qd8 7. Nxf6+ Qxf6 8. d5
Qg6 9. Qc2 f5 10. f3 Be7 11. O-O-O O-O 12. g3 Na6 13. Ne2 fxe4 14. fxe4 Bg4 15.
Re1 Bf3 16. Rg1 Bxe4 17. Qd1 cxd5 18. cxd5 Rac8+ 19. Nc3 Nb4 20. Qb3 a5 21. Bc4
Bc2 0-1

[Event "XXXII C.to Italiano Seniores"]
[Site "Arvier ITA"]
[Date "2010.04.18"]
[Round "1"]
[White "Piazza, Giacomo"]
[Black "Rotelli, Pietro"]
[Result "0-1"]
[WhiteElo "1634"]
[BlackElo "1993"]
[PlyCount "94"]
[EventDate "2010.04.18"]

1. Nf3 d5 2. e3 Nf6 3. c4 e6 4. b3 Be7 5. Bb2 O-O 6. a3 a5 7. h3 Nbd7 8. d3 c6
9. Nbd2 b5 10. Nd4 Qb6 11. cxb5 cxb5 12. Be2 Bb7 13. a4 bxa4 14. Rxa4 Bb4 15.
O-O Nc5 16. Ra2 Ba6 17. N4f3 Nfd7 18. Bd4 f6 19. Rc2 Rfd8 20. Ne1 e5 21. Bb2
Bxd2 22. Rxc5 Bxe1 23. Rxd5 Bb4 24. Bf3 Bb7 25. Kh1 Bxd5 26. Bxd5+ Kh8 27. Qh5
g6 28. Qh4 Rac8 29. Bf7 Kg7 30. e4 Bd2 31. Bc4 Nc5 32. Rd1 Bg5 33. Qg4 Nxb3 34.
Bd5 Rc2 35. Ba3 Nd4 36. Be7 Re8 37. Ba3 Qc7 38. Rb1 h5 39. Qxg5 fxg5 40. Rb7
Qxb7 41. Bxb7 Rxf2 42. Ba6 Re6 43. Bc4 Ref6 44. Be7 Rb6 45. Kh2 Rfb2 46. Kg3
Ne2+ 47. Kh2 Nf4 0-1